00757cam a2200229 i 4500001000300000003000400003005001700007008003900024015001700063040001400080041000800094080001500102100004400117245006100161250001500222260005500237300003300292504003400325650002900359710004100388856009800429bgBPK20191123100559.0020718s1978 pl a f |001 0 pol aPB 1978/3827 aWA NcBPK0 apol a621.37/.381 aZagajewski, Tadeuszd(1912-2010)eAutor00aUkłady elektroniki przemysłowej /cTadeusz Zagajewski. aWyd. 4 zm. aWarszawa :bWydawnictwa Naukowo-Techniczne,c1978. a477, [1] s. :bil. ;c25 cm. aBibliogr. przy rozdz. Indeks. 4aElektronika przemysłowa2 aWydawnictwa Naukowo-Techniczne4pbl. uhttp://koha.tu.koszalin.pl/cgi-bin/koha/opac-detail.pl?biblionumber=17836yKatalog online BPK